| 000 | 00557nam a22001937a 4500 | ||
|---|---|---|---|
| 999 |
_c3889 _d3889 |
||
| 003 | GBCCL | ||
| 005 | 20241126110506.0 | ||
| 008 | 171215b xxu||||| |||| 00| 0 eng d | ||
| 020 | _a1874367434 | ||
| 040 | _cgbc | ||
| 082 |
_a261.57 _bSKY |
||
| 100 |
_aSkyrme, Brenda _97636 |
||
| 245 |
_aA Christian View of the Martial Arts and Yoga ? _cBrenda Skyrme |
||
| 260 |
_bNew Wine Press, _aChichester: _c1995 |
||
| 300 |
_a128 p.; _c20 cm. |
||
| 650 |
_aYoga _vChristian viewpoint _99563 |
||
| 650 |
_aMatial arts _vChristian viewpoint _99564 |
||
| 942 |
_2ddc _cBK _02 |
||